[Event "COL Intercollegiate-ch U14 Girls"]
[Site "Paipa"]
[Date "2019.12.13"]
[Round "6"]
[White "Retamoza Alfaro, Sandy Paola"]
[Black "Brito Carrascal, Isabela"]
[Result "0-1"]
[WhiteElo "1500"]
[BlackElo "1564"]
[PlyCount "73"]
[EventDate "2019.12.11"]
[EventType "swiss"]
[EventRounds "7"]
[EventCountry "COL"]
[SourceTitle "CBM 193 Extra"]
[Source "ChessBase"]
[SourceDate "2020.01.31"]
[SourceVersion "1"]
[SourceVersionDate "2020.01.31"]
[SourceQuality "1"]

1. e4 c5 2. c4 e6 3. d3 Nc6 4. Nf3 Qc7 5. g3 Nf6 6. Bg2 d6 7. Nc3 a6 8. Be3 Be7 9. 0-0 0-0 10. d4 cxd4 11. Nxd4 Ne5 12. b3 Bd7 13. Bf4 Nc6 14. Nxc6 Bxc6 15. Re1 Rfd8 16. Rb1 Qb6 17. Be3 Qc7 18. Bf4 Qc8 19. b4 b5 20. cxb5 axb5 21. Rc1 Qb7 22. Qe2 d5 23. Rb1 d4 24. Nd1 d3 25. Qb2 Bxe4 26. Bxe4 Nxe4 27. f3 Ng5 28. Re3 Nxf3+ 29. Kf1 Nd4 30. Rxd3 Qh1+ 31. Kf2 Qxh2+ 32. Ke3 Qxb2 33. Rxb2 Nc6 34. Rxd8+ Rxd8 35. Nc3 e5 36. Bxe5 Nxe5 37. Nxb5 0-1